Cardinals, Buntings and Allies of North America - Statistics

General Stats
  • This quiz has been taken 6 times
  • The average score is 8 of 11
Answer Stats
Picture Answer % Correct
Northern Cardinal
100%
Black-Headed Grosbeak
80%
Blue Grosbeak
80%
Dickcissel
80%
Indigo Bunting
80%
Lazuli Bunting
80%
Painted Bunting
80%
Pyrrhuloxia
80%
Rose-Breasted Grosbeak
80%
Lark Bunting
60%
Varied Bunting
40%
No matching quizzes found
Score Distribution
Percent of People with Each Score
Percentile by Number Answered
Your Score History
You have not taken this quiz